BIBLIOTECA PODER JUDICIAL
Portal Judicial TDF

La aplicación del principio de autonomía progresiva en las políticas de transferencias sociales destinadas a niñas, niños y adolescentes / (Registro nro. 6262)

000 -LEADER
fixed length control field 01328nab a22002177a 4500
003 - CONTROL NUMBER IDENTIFIER
control field OSt
005 - DATE AND TIME OF LATEST TRANSACTION
control field 20260128013046.0
008 - FIXED-LENGTH DATA ELEMENTS--GENERAL INFORMATION
fixed length control field 190514b xxu||||| |||| 00| 0 spa d
040 ## - CATALOGING SOURCE
Transcribing agency PJ
100 ## - MAIN ENTRY--PERSONAL NAME
9 (RLIN) 6971
Personal name Zanino, Bárbara
245 13 - TITLE STATEMENT
Title La aplicación del principio de autonomía progresiva en las políticas de transferencias sociales destinadas a niñas, niños y adolescentes /
Statement of responsibility, etc Bárbara Zanino.
300 ## - PHYSICAL DESCRIPTION
Extent p. 127-141
500 ## - GENERAL NOTE
General note Cita: TR LALEY AR/DOC/2514/2025.
505 ## - FORMATTED CONTENTS NOTE
Formatted contents note Sumario: I. Introducción.— II. El principio de autonomía progresiva y la dimensión de la autonomía patrimonial de las y los adolescentes.— III. La autonomía progresiva en el marco del Régimen de Asignaciones Familiares de la ley 24.714. La modificación que introdujo el dec. 840/2020 y sus limitaciones.— IV. Una respuesta que aplicó el estándar de la autonomía progresiva patrimonial para garantizar la protección social de una adolescente de 16 años.— V. Cierre provisorio.
505 ## - FORMATTED CONTENTS NOTE
Title Si te interesa el texto, comunicate a koha@justierradelfuego.gov.ar
650 #0 - SUBJECT ADDED ENTRY--TOPICAL TERM
9 (RLIN) 967
Topical term or geographic name as entry element DERECHO DE FAMILIA
650 #0 - SUBJECT ADDED ENTRY--TOPICAL TERM
9 (RLIN) 5662
Topical term or geographic name as entry element ADOLESCENTES
650 #0 - SUBJECT ADDED ENTRY--TOPICAL TERM
9 (RLIN) 4691
Topical term or geographic name as entry element AUTONOMÍA PROGRESIVA
773 0# - HOST ITEM ENTRY
Host Biblionumber 2844
Host Itemnumber 3222
Place, publisher, and date of publication Buenos Aires : AbeledoPerrot, 1989-
Title Derecho de familia. N° 122 - Noviembre 2025
International Standard Book Number 18511201
942 ## - ADDED ENTRY ELEMENTS (KOHA)
Source of classification or shelving scheme
Koha item type Analítica Artículo de Revista

No hay ítems disponibles.

12 de Octubre 789 Ushuaia - Tel:  54(02901)441571
Horario de Atención: 8.00 a 17.00 hs. 
bibliotecaush@justierradelfuego.gov.ar
koha@justierradelfuego.gov.ar
Seguinos en nuestras redes @bibliojustdf 

Con tecnología Koha